000 00613nam a22001577a 4500
999 _c61167
_d61167
005 20231226161643.0
008 231226s1960 ru ||||| |||| 00| 0 rus d
041 _arus
080 _a736.2(37) Л-50
100 _aЛесницкая, М. М.
_920898
245 _aРимский портрет в собрании Эрмитажа /
_cМ. М. Лесницкая.
264 _aЛ.:
_bИзд-во гос. Эрмитажа,
_c1960.
300 _a47 с. :
_bил.;
_c17 см.
653 _aრომაული პორტრეტი ერმიტაჟის კოლექციაში
942 _2udc
_cBK